000 00302nam a22001337a 4500
008 181102b xxu||||| |||| 00| 0 eng d
020 _a9780534595531
041 _aeng
080 _27th
_a101
100 _a24
101 _aFIL
245 _aMorality in Practice
_cSterba,J,P
942 _2udc
_cBK
999 _c51755
_d51755